| 000 | 00624cam a22001571 4500 | ||
|---|---|---|---|
| 082 |
_a940.4 _bWES |
||
| 100 | 2 |
_aWester Wemyss, Rosslyn Erskine Wemyss, _949289 |
|
| 245 | 1 | 4 |
_aThe navy in the Dardanelles campaign, _cby Admiral of the fleet Lord Wester-Wemyss, G. C. B. |
| 260 |
_aLondon, _bHodder and Stoughton limited _c[1924] |
||
| 300 |
_a2 p. l., 9-288 p. _bfront. (fold. map) _c23 cm. |
||
| 526 |
_a0 _b0 _c0 _d940_400000000000000_WES |
||
| 650 | 0 |
_aMCE _9379 |
|
| 650 | 0 |
_aWorld War, 1914-1918 _xCampaigns _zTurkey _zGallipoli Peninsula. _949290 |
|
| 650 | 0 |
_aWorld War, 1914-1918 _xNaval operations. _949291 |
|
| 942 |
_2ddc _cBK |
||
| 999 |
_c552078 _d552078 |
||